|
|
|
|
| LEADER |
00000nam0a2200000 4500 |
| 001 |
94812 |
| 005 |
20231031105812.0 |
| 035 |
|
|
|a (RuTPU)RU\TPU\book\101562
|
| 090 |
|
|
|a 94812
|
| 100 |
|
|
|a 20060415d1971 m y0rusy50 ca
|
| 101 |
0 |
|
|a rus
|
| 102 |
|
|
|a RU
|
| 105 |
|
|
|a a z 001zy
|
| 200 |
1 |
|
|a Динамика тонкостенных конструкций с отсеками, содержащими жидкость
|f Г. Н. Микишев, Б. И. Рабинович
|
| 210 |
|
|
|a Москва
|c Машиностроение
|d 1971
|
| 215 |
|
|
|a 564 с.
|c ил.
|
| 320 |
|
|
|a Библиогр.: с. 541-559.
|
| 610 |
1 |
|
|a твердые тела
|
| 610 |
1 |
|
|a жидкости
|
| 610 |
1 |
|
|a колебания
|
| 610 |
1 |
|
|a расчет
|
| 675 |
|
|
|a 539.2
|v 3
|
| 700 |
|
1 |
|a Микишев
|b Г. Н.
|g Геннадий Никифорович
|
| 701 |
|
1 |
|a Рабинович
|b Б. И.
|g Борис Исаакович
|
| 801 |
|
1 |
|a RU
|b 63413507
|c 20060415
|g PSBO
|
| 801 |
|
2 |
|a RU
|b 63413507
|c 20150515
|g PSBO
|
| 942 |
|
|
|c BK
|